000 01189nam a22003857a 4500
999 _c20547
_d20547
005 20191105042422.0
008 191105b xxu||||| |||| 00| 0 spa d
020 _a9788968113109
040 _aCO-BoIAVH
_cCO-BoIAVH
041 _aeng
041 _akor
044 _ako
082 _a333.95074
_bC45o
100 _aChoi
245 _aOverseas Useful Biological Resources III
_bCambodia, Mongolia, Vietnam (2016-2017).
260 _aIncheon:
_bNational Institute of Biological Resources,
_c2018.
300 _a360 Páginas:
_bfotografías,
_c23 x 15 cm.
650 0 _aGuía Ilustrada
650 0 _avegetación
650 0 _aTaxonomía
_zCambodia
650 0 _aBiodiversidad
700 _aJong-won
700 _aOh, Kyoung-Hee
700 _aKang, Jae-Shin
700 _aHyun, Chang-Woo
700 _aLee, Jaeho
700 _aJeon, Mi-Jeong
700 _aHan, Jeong Eun
700 _aShin, Ayoung
700 _aOh, Sunhye
700 _aPark, Yu-Jin
700 _aPark, Han-Sol
700 _aLee, Hyun-Suk
942 _2ddc
_cLIBRO